Normal view MARC view

Entry Topical Term

Number of records used in: 1

001 - CONTROL NUMBER

  • control field: 51414

003 - CONTROL NUMBER IDENTIFIER

  • control field: OSt

005 - DATE AND TIME OF LATEST TRANSACTION

  • control field: 20250319144210.0

008 - FIXED-LENGTH DATA ELEMENTS

  • fixed length control field: 250319|| aca||aabn | a|a d

040 ## - CATALOGING SOURCE

  • Original cataloging agency: OSt
  • Transcribing agency: OSt

150 ## - HEADING--TOPICAL TERM

  • Topical term or geographic name entry element: Municipal entrepreneurialism, Municipal reform, Rural, Fiscal, Managerialism.

670 ## - SOURCE DATA FOUND

  • Source citation: Work cat.: (OSt): Ryeser, Laura Halseth, Greg and Markey, Sean 51413, Municipal entrepreneurialism: Exploring new fiscal levers for small municipalities

Powered by Koha